| 000 | 01394cam a2200253 a 4500 | ||
|---|---|---|---|
| 001 | vtls003028856 | ||
| 003 | MY-SjTCS | ||
| 005 | 20200306163529.0 | ||
| 008 | 110218s2003 gw a b 001 0 eng | ||
| 020 | _a3527406298 (pbk.) | ||
| 039 | 9 |
_a201102181616 _bVLOAD _c200606231752 _dnorpishah _y200606211255 _zmeena |
|
| 082 | 0 | 4 |
_a541.33 _bBUT |
| 100 | 1 |
_aButt, Hans-Jurgen. _9235151 |
|
| 245 | 1 | 0 |
_aPhysics and chemistry of interfaces / _cHans-Jürgen Butt, Karlheinz Graf, Michael Kappl. |
| 260 |
_aWeinheim : _bWiley-VCH, _c2006. |
||
| 300 |
_axii, 386 p. : _bill. ; _c24 cm. |
||
| 440 | 0 |
_aPhysics textbook _921994 |
|
| 505 | 0 | _aPreface. - 1. Introduction. - 2. Liquid surfaces. - 3. Thermodynamics of interfaces. - 4. The electric double layer. - 5. Effects at charged interfaces. - 6. Surface forces. - 7. Contact angle phenomena and wetting. - 8. Solid surfaces. - 9. Adsorption. - 10. Surface modification. - 11. Friction, lubrication, and wear. - 12. Surfactants, micelles, emulsions, and foams. - 13. Thin films on surfaces of liquids. - 14. Solutions to exercises. - Appendix A. Analysis of diffraction patterns. - B. Symbols and abbreviations. - Bibliography. - Index. | |
| 650 | 0 |
_aSurface chemistry. _92304 |
|
| 650 | 0 |
_aSurfaces (Physics) _921995 |
|
| 700 | 1 |
_aGraf, Kh. _q(Karlheinz) _e(j.a.) _9235152 |
|
| 700 | 1 |
_aKappl, Michael, _d1963- _e(j.a.) _9235153 |
|
| 920 | _aBMS : 260666 | ||
| 999 | _c43010 | ||